Central Library OPAC University of Rajshahi

The basics of nuclear and particle physics / (Record no. 82413)

MARC details
000 -LEADER
fixed length control field 00795nam a2200265 a 4500
001 - CONTROL NUMBER
control field 82413
003 - CONTROL NUMBER IDENTIFIER
rucl marc code BD-RjUL
005 - DATE AND TIME OF LATEST TRANSACTION
control field 20231206121646.0
008 - FIXED-LENGTH DATA ELEMENTS--GENERAL INFORMATION
fixed length control field 231206s2021 sz ||||| |||| 00| 0 eng d
020 ## - INTERNATIONAL STANDARD BOOK NUMBER
International Standard Book Number 9783030801168
International Standard Book Number 9783030801151
035 ## - SYSTEM CONTROL NUMBER
System control number (BD-RjUL)82413
040 ## - CATALOGING SOURCE
Original cataloging agency BD-RjUL
Language of cataloging eng
Transcribing agency BD-RjUL
041 ## - LANGUAGE CODE
Language code of text/sound track or separate title eng
082 ## - DEWEY DECIMAL CLASSIFICATION NUMBER
Edition number 23
Classification number 539.7
Author mark and year BEB 2021
100 ## - MAIN ENTRY--PERSONAL NAME
Personal name Belyaev, Alexander
9 (RLIN) 10367
245 ## - TITLE STATEMENT
Title The basics of nuclear and particle physics /
Statement of responsibility, etc. Alexander Belyaev, Douglas Ross
260 ## - PUBLICATION, DISTRIBUTION, ETC. (IMPRINT)
Place of publication, distribution, etc. Cham :
Name of publisher, distributor, etc. Springer,
Date of publication, distribution, etc. 2021
300 ## - PHYSICAL DESCRIPTION
Pagination 401 pages :
Illustrations ill.;
Size 24 cm.
504 ## - BIBLIOGRAPHY, ETC. NOTE
Bibliography, etc Includes bibliographical references and index.
650 ## - SUBJECT ADDED ENTRY--TOPICAL TERM
Topical term or geographic name as entry element Nuclear physics
9 (RLIN) 5186
Topical term or geographic name as entry element Particles (Nuclear physics)
9 (RLIN) 10368
700 ## - ADDED ENTRY--PERSONAL NAME
Personal name Ross, Douglas
942 ## - ADDED ENTRY ELEMENTS (KOHA)
Source of classification or shelving scheme Dewey Decimal Classification
Koha item type Books
Holdings
Lost status Source of classification or shelving scheme Damaged status Not for loan Collection code Permanent Location Current Location Shelving location Date acquired Source of acquisition Cost, normal purchase price Full call number Date last seen Copy number Koha item type Total Checkouts Checked out Date checked out
  Dewey Decimal Classification   Not For Loan Non-fiction Central Library, University of Rajshahi Central Library, University of Rajshahi Reading Room 09/10/2023 Dhaka : Ahsania Mission Book 3790.00 539.7 BEB 2021 06/12/2023 C-1 Books      
  Dewey Decimal Classification     Non-fiction Central Library, University of Rajshahi Central Library, University of Rajshahi General Stacks 09/10/2023 Dhaka : Ahsania Mission Book 3790.00 539.7 BEB 2021 06/12/2023 C-2 Books      
  Dewey Decimal Classification     Non-fiction Central Library, University of Rajshahi Central Library, University of Rajshahi General Stacks 09/10/2023 Dhaka : Ahsania Mission Book 3790.00 539.7 BEB 2021 03/03/2026 C-3 Books 3 03/05/2026 03/03/2026